000
00290nam a22001217a 4500
008
180809b xxu||||| |||| 00| 0 eng d
041
_a
eng
080
_a
616. 053
100
_a
7
101
_a
KAR
245
_a
Electrocardiography; The Vectorial Approach
_c
DEJOSEPH.R.L
942
_2
udc
_c
BK
999
_c
46954
_d
46954